Entry Personal Name
Number of records used in: 4
001 - CONTROL NUMBER
003 - CONTROL NUMBER IDENTIFIER
005 - DATE AND TIME OF LATEST TRANSACTION
- control field:
20230929121925.0
008 - FIXED-LENGTH DATA ELEMENTS
- fixed length control field:
171011n| azannaabn n aaa c
010 ## - LIBRARY OF CONGRESS CONTROL NUMBER
- LC control number:
ns2017002924
035 ## - SYSTEM CONTROL NUMBER
- System control number:
(CaEvSKY)skya11496253
040 ## - CATALOGING SOURCE
- Original cataloging agency:
MX-MxITA
- Language of cataloging:
eng
- Description conventions:
rda
- Transcribing agency:
MX-MxITA
100 1# - HEADING--PERSONAL NAME
- Personal name:
Veerarajan, T.
373 ## - ASSOCIATED GROUP
- Associated group:
Sree Sowdambika Engineering School (India)
374 ## - OCCUPATION
- Occupation:
College teachers
- Source of term:
lcsh
375 ## - GENDER
377 ## - ASSOCIATED LANGUAGE
670 ## - SOURCE DATA FOUND
- Source citation:
Veerarajan, T. Matemáticas discretas, 2008:
- Information found:
title page (T. Veerarajan) page xi (T. Veerarajan, profesor de matemáticas, es el actual subdirector y jefe del Departamento de Ciencias y Humanidades de la Escuela de Ingeniería de Sree Sowdambika, en Aruppukottai, Tamil Nadu, India. Tiene más de 45 años de experiencia en la enseñanza, en niveles de licenciatura y posgrado en diversas escuelas de ingeniería establecidas en Tamil Nadu)